000 00313nam a2200133Ia 4500
008 220216s9999 xx 000 0 und d
100 _aThomas V
245 0 _aManalpparambile pareekshanam
260 _bRubber
_c2007
300 _a21
700 _aRamachandran P K
700 _aSatheeshchandran R
942 _cML
999 _c72820
_d72820